[Event "44th OMICON ch-BAN 2018"]
[Site "Dhaka BAN"]
[Date "2018.11.27"]
[Round "4.4"]
[White "Minhazuddin, A."]
[Black "Rahman, Zia"]
[Result "0-1"]
[WhiteElo "2290"]
[BlackElo "2468"]
[PlyCount "68"]
[EventDate "2018.11.24"]
[EventType "swiss"]
[EventRounds "10"]
[EventCountry "BAN"]
[SourceTitle "The Week in Chess 1256"]
[Source "Mark Crowther"]
[SourceDate "2018.12.03"]
[SourceVersion "1"]
[SourceVersionDate "2018.12.03"]
[SourceQuality "2"]

1. e4 c5 2. Nf3 d6 3. d4 cxd4 4. Nxd4 Nf6 5. Nc3 Nc6 6. Be2 e5 7. Nb3 Be7 8.
O-O O-O 9. Kh1 a5 10. a4 Nb4 11. f4 Bd7 12. Nd5 Nfxd5 13. exd5 Bf5 14. c3 Bc2
15. Qd2 Bxb3 16. cxb4 axb4 17. Rf3 Rxa4 18. Rxa4 Bxa4 19. Qxb4 Bc2 20. Rc3 Bg6
21. Bg4 f5 22. Be2 Bf6 23. Qxb7 exf4 24. Rc2 Be5 25. Bf3 Qh4 26. Re2 Bh5 27.
Qb3 Bxf3 28. Qxf3 Ra8 29. Qf1 h6 30. Rc2 f3 31. gxf3 Ra1 32. Qg1 Kh7 33. f4
Bxf4 34. Rc4 Rxc1 0-1

[Event "BL2 Ost 1819 (Women)"]
[Site "Germany"]
[Date "2018.11.17"]
[Round "3.4"]
[White "Kalies, Grit"]
[Black "Herbrig, Marie Helen"]
[Result "0-1"]
[WhiteElo "1991"]
[BlackElo "1840"]
[PlyCount "66"]
[EventDate "2018.10.27"]
[EventType "team-tourn"]
[EventRounds "7"]
[EventCountry "GER"]
[SourceTitle "OM OTB B 201907"]
[Source "Opening Master"]
[SourceDate "2019.07.06"]
[SourceVersion "2"]
[SourceVersionDate "2019.07.06"]
[SourceQuality "1"]
[WhiteTeam "Leipzig Blauweiss Allianz (W)"]
[BlackTeam "Leipzig Lindenau (W)"]
[WhiteTeamCountry "GER"]
[BlackTeamCountry "GER"]

1. e4 c5 2. Nf3 Nc6 3. d4 cxd4 4. Nxd4 Nf6 5. Nc3 d6 6. Be2 e5 7. Nb3 Be6 8.
Bg5 Be7 9. O-O O-O 10. Qd2 Qd7 11. Rad1 Rfd8 12. f3 h6 13. Be3 d5 14. exd5 Nxd5
15. Nxd5 Bxd5 16. Qe1 Qc7 17. Qg3 Kh8 18. f4 Bf6 19. c3 b6 20. Nd2 Qe7 21. c4
exf4 22. Rxf4 Be6 23. Qf3 Rac8 24. b3 Nb4 25. Qe4 Nxa2 26. Bd3 g6 27. Nb1 Nb4
28. Rff1 Nxd3 29. Rxd3 Rxd3 30. Qxd3 Bf5 31. Qd2 Rd8 32. Qf2 Rd3 33. Bxh6 Bd4
0-1

[Event "AUT-chT 1819"]
[Site "Austria"]
[Date "2018.11.15"]
[Round "1.3"]
[White "Felsberger, Alfred"]
[Black "Antoniewski, Rafal"]
[Result "1/2-1/2"]
[WhiteElo "2335"]
[BlackElo "2521"]
[PlyCount "118"]
[EventDate "2018.11.15"]
[EventType "team-tourn"]
[EventRounds "11"]
[EventCountry "AUT"]
[SourceTitle "OM OTB B 201907"]
[Source "Opening Master"]
[SourceDate "2019.07.06"]
[SourceVersion "2"]
[SourceVersionDate "2019.07.06"]
[SourceQuality "1"]
[WhiteTeam "Ansfelden"]
[BlackTeam "St Veit"]
[WhiteTeamCountry "AUT"]
[BlackTeamCountry "AUT"]

1. e4 c5 2. Nf3 d6 3. d4 cxd4 4. Nxd4 Nf6 5. Nc3 Nc6 6. Be2 e5 7. Nf3 h6 8. O-O
Be6 9. Re1 Be7 10. h3 O-O 11. Bf1 Qd7 12. Nd5 Bxd5 13. exd5 Nb4 14. c4 a5 15.
a3 Na6 16. b3 Rfc8 17. Be3 Bd8 18. Rc1 b6 19. Nd2 Nh7 20. f4 exf4 21. Bxf4 Bh4
22. Re2 Bg5 23. Bxg5 Nxg5 24. Rc3 Re8 25. h4 Nh7 26. Rg3 Rxe2 27. Qxe2 Re8 28.
Re3 Nf6 29. Rxe8+ Nxe8 30. Qe3 Qd8 31. g3 Kf8 32. Bh3 Nc5 33. Kg2 Nf6 34. Bf5
h5 35. Kf3 Ne8 36. Qg5 Nf6 37. Qe3 Qc7 38. Kg2 Na6 39. Kf3 Qb7 40. Ne4 Nxe4 41.
Bxe4 Nc5 42. Qg5 Qe7 43. Bc2 Qxg5 44. hxg5 Nd7 45. Ke4 Ne5 46. Bd3 Ke7 47. Be2
g6 48. Kd4 Nd7 49. b4 axb4 50. axb4 Nf8 51. Ke4 Nh7 52. Kf4 f6 53. gxf6+ Kxf6
54. Ke4 Nf8 55. Kd4 Nd7 56. Bd1 Kg5 57. Ba4 Nf6 58. Bd1 Nd7 59. Ba4 Nf6 1/2-1/2

[Event "IRI-ch sf"]
[Site "Hamedan"]
[Date "2018.11.14"]
[Round "8.5"]
[White "Moradi, Amirmasoud"]
[Black "Tahbaz, Arash"]
[Result "0-1"]
[WhiteElo "2263"]
[BlackElo "2475"]
[PlyCount "86"]
[EventDate "2018.11.09"]
[EventType "swiss"]
[EventRounds "9"]
[EventCountry "IRI"]
[SourceTitle "OM OTB B 201907"]
[Source "Opening Master"]
[SourceDate "2019.07.06"]
[SourceVersion "2"]
[SourceVersionDate "2019.07.06"]
[SourceQuality "1"]

1. e4 c5 2. Nf3 d6 3. d4 cxd4 4. Nxd4 Nf6 5. Nc3 Nc6 6. Be2 e5 7. Nb3 Be7 8.
O-O O-O 9. Kh1 a5 10. a4 Nb4 11. f4 Be6 12. g4 exf4 13. Bxf4 d5 14. e5 Ne4 15.
Nd4 Nxc3 16. bxc3 Nc6 17. Bd3 Bc5 18. Bf5 Qd7 19. Qd3 g6 20. Bxe6 fxe6 21. Qb5
Ba7 22. Bh6 Rfd8 23. Nxc6 bxc6 24. Qd3 Bc5 25. Rf6 Bf8 26. Bxf8 Rxf8 27. Raf1
Rxf6 28. Rxf6 c5 29. c4 d4 30. Qb3 Qc6+ 31. Kg1 Qe4 32. Qb6 Qxg4+ 33. Kf2 Qh4+
34. Kg2 Qe4+ 35. Kh3 Qe3+ 36. Kh4 g5+ 37. Kg4 Qe2+ 38. Kh3 g4+ 39. Kh4 Qxh2+
40. Kxg4 Qg2+ 41. Kf4 Qd2+ 42. Kg4 Qe2+ 43. Kf4 Qe3+ 0-1

[Event "Rio de Janeiro Duchamp op 2nd"]
[Site "Rio de Janeiro"]
[Date "2018.11.14"]
[Round "2"]
[White "Kruger, Israel"]
[Black "Larrea, Manuel"]
[Result "1/2-1/2"]
[WhiteElo "1877"]
[BlackElo "2271"]
[PlyCount "39"]
[EventDate "2018.11.14"]
[EventType "swiss"]
[EventRounds "9"]
[EventCountry "BRA"]
[SourceTitle "OM OTB B 201907"]
[Source "Opening Master"]
[SourceDate "2019.07.06"]
[SourceVersion "2"]
[SourceVersionDate "2019.07.06"]
[SourceQuality "1"]

1. e4 c5 2. Nf3 Nc6 3. d4 cxd4 4. Nxd4 Nf6 5. Nc3 d6 6. Be2 e5 7. Nf3 Be7 8. h3
h6 9. O-O O-O 10. Re1 Be6 11. Bf1 Qd7 12. Nd5 Bd8 13. c4 Nh7 14. b3 Ng5 15.
Nxg5 hxg5 16. Ba3 Nd4 17. Bb2 Nc6 18. Ba3 Nd4 19. Bb2 Nc6 20. Ba3 1/2-1/2

[Event "BAN-chB 44th"]
[Site "Dhaka"]
[Date "2018.11.13"]
[Round "1"]
[White "Abdul, Momin"]
[Black "Zia, Tahsin Tajwar"]
[Result "1-0"]
[WhiteElo "2001"]
[BlackElo "1803"]
[PlyCount "69"]
[EventDate "2018.11.13"]
[EventType "swiss"]
[EventRounds "9"]
[EventCountry "BAN"]
[SourceTitle "OM OTB B 201907"]
[Source "Opening Master"]
[SourceDate "2019.07.06"]
[SourceVersion "2"]
[SourceVersionDate "2019.07.06"]
[SourceQuality "1"]

1. e4 c5 2. Nf3 d6 3. d4 cxd4 4. Nxd4 Nf6 5. Nc3 Nc6 6. Be2 e5 7. Nb3 Be7 8.
Bg5 O-O 9. Qd2 a5 10. a4 Be6 11. Bxf6 Bxf6 12. Nd5 Bg5 13. Qd1 Rc8 14. c3 Ne7
15. h4 Bxh4 16. Rxh4 Nxd5 17. exd5 Qxh4 18. dxe6 fxe6 19. Bf3 d5 20. Qe2 e4 21.
Bg4 Rce8 22. Nxa5 e3 23. Bf3 b6 24. Nb3 Qh1+ 25. Qf1 exf2+ 26. Kxf2 Qh2 27. Qh1
Rxf3+ 28. Kxf3 Qe5 29. Kg4 Rf8 30. Rf1 Qe4+ 31. Kh3 Qe3+ 32. g3 Qe2 33. Rxf8+
Kxf8 34. Nd4 Qe5 35. Qf3+ 1-0

[Event "BL2-Ost 1819"]
[Site "Germany"]
[Date "2018.11.11"]
[Round "2.1"]
[White "Luther, Thomas"]
[Black "Petr, Martin"]
[Result "1/2-1/2"]
[WhiteElo "2524"]
[BlackElo "2448"]
[PlyCount "47"]
[EventDate "2018.11.10"]
[EventType "team-tourn"]
[EventRounds "10"]
[EventCountry "GER"]
[SourceTitle "OM OTB B 201907"]
[Source "Opening Master"]
[SourceDate "2019.07.06"]
[SourceVersion "2"]
[SourceVersionDate "2019.07.06"]
[SourceQuality "1"]
[WhiteTeam "Weilheim"]
[BlackTeam "Bindlach"]
[WhiteTeamCountry "GER"]
[BlackTeamCountry "GER"]

1. e4 c5 2. Nf3 Nc6 3. d4 cxd4 4. Nxd4 Nf6 5. Nc3 d6 6. Be2 e5 7. Nf3 Be7 8.
O-O O-O 9. Re1 h6 10. h3 Be6 11. Bf1 Rc8 12. Nd5 Na5 13. Nxe7+ Qxe7 14. b3 Rfd8
15. c4 Qc7 16. Bd2 Nc6 17. Rc1 a5 18. Rc3 Ra8 19. Qb1 Nd7 20. Nh2 Nf6 21. Nf3
Qe7 22. Be3 Nd7 23. Rcc1 Qf6 24. Nd2 1/2-1/2

[Event "Girona-ch"]
[Site "Banyoles"]
[Date "2018.11.04"]
[Round "5"]
[White "Lazaro Pujol, Abel"]
[Black "Vidal Zamora, Alex"]
[Result "1/2-1/2"]
[WhiteElo "2096"]
[BlackElo "2413"]
[PlyCount "82"]
[EventDate "2018.09.30"]
[EventType "swiss"]
[EventRounds "9"]
[EventCountry "ESP"]
[SourceTitle "OM OTB B 201907"]
[Source "Opening Master"]
[SourceDate "2019.07.06"]
[SourceVersion "2"]
[SourceVersionDate "2019.07.06"]
[SourceQuality "1"]

1. e4 c5 2. Nf3 d6 3. d4 cxd4 4. Nxd4 Nf6 5. Nc3 Nc6 6. Be2 e5 7. Nf3 h6 8. O-O
Be7 9. Re1 O-O 10. h3 Be6 11. Bf1 Qd7 12. Nd5 Bd8 13. c4 Rc8 14. a3 Bxd5 15.
exd5 Ne7 16. b4 b5 17. c5 Nexd5 18. cxd6 e4 19. Nd4 a6 20. Bb2 Qxd6 21. Nf5 Qe6
22. Ne3 Bb6 23. Bd4 Rfd8 24. Bxb6 Nxb6 25. Qe2 Na4 26. Rac1 Qb3 27. Rxc8 Rxc8
28. Ng4 Nxg4 29. Qxg4 Rd8 30. Qxe4 Qxa3 31. Qe7 Rf8 32. Rd1 Qc3 33. Rd7 Qc8 34.
Bd3 Nb6 35. Rc7 Qe8 36. Qd6 Qe1+ 37. Bf1 Qe6 38. Qxe6 fxe6 39. Rc6 Nd5 40. Rxa6
Kf7 41. Bxb5 Nxb4 1/2-1/2

[Event "AUT-chT2O 1819"]
[Site "Austria"]
[Date "2018.11.04"]
[Round "4.6"]
[White "Schwab, Lukas"]
[Black "Ly, Dominik"]
[Result "0-1"]
[WhiteElo "2190"]
[BlackElo "2238"]
[PlyCount "140"]
[EventDate "2018.10.06"]
[EventType "team-tourn"]
[EventRounds "11"]
[EventCountry "AUT"]
[SourceTitle "OM OTB B 201907"]
[Source "Opening Master"]
[SourceDate "2019.07.06"]
[SourceVersion "2"]
[SourceVersionDate "2019.07.06"]
[SourceQuality "1"]
[WhiteTeam "Donaustadt"]
[BlackTeam "Baden Invest"]
[WhiteTeamCountry "AUT"]
[BlackTeamCountry "AUT"]

1. e4 c5 2. Nf3 Nc6 3. d4 cxd4 4. Nxd4 Nf6 5. Nc3 d6 6. Be2 e5 7. Nb3 Be7 8.
Be3 O-O 9. O-O Be6 10. f4 a5 11. Kh1 a4 12. Nc1 a3 13. bxa3 Rxa3 14. Nb3 exf4
15. Bxf4 Ne5 16. Qd4 Nc6 17. Qd2 d5 18. exd5 Nxd5 19. Nxd5 Qxd5 20. Qe3 Nb4 21.
Bf3 Qc4 22. Nd2 Rxe3 23. Nxc4 Rxf3 24. Rxf3 Bxc4 25. Re1 Be6 26. c3 Nd5 27. Be5
Ra8 28. Rf2 Bc5 29. Rd2 Ne3 30. Bd4 Bxd4 31. cxd4 Nd5 32. Rb1 b6 33. h3 Kf8 34.
Kh2 Ke7 35. Rc1 Ra4 36. Rb1 Kd6 37. Rbb2 Bd7 38. Rb3 b5 39. Rf3 Be6 40. a3 Nc7
41. Rc3 Bd5 42. Kg1 Ne6 43. Rcd3 g6 44. Kf2 Nf4 45. Rg3 Nxg2 46. Rxg2 Bxg2 47.
Kxg2 Rxa3 48. Rb2 Ra4 49. Rxb5 Rxd4 50. Kg3 h5 51. Rb7 Ke6 52. Rb6+ Kf5 53. Rb3
h4+ 54. Kf3 Kg5 55. Rb5+ f5 56. Rb3 Rd2 57. Rb1 Rh2 58. Rg1+ Kh5 59. Kf4 Rxh3
60. Rg5+ Kh6 61. Rg2 Rg3 62. Rh2 Rg4+ 63. Kf3 Kg5 64. Ra2 Rg3+ 65. Kf2 Kg4 66.
Ra6 g5 67. Ra4+ f4 68. Ra5 h3 69. Rb5 h2 70. Rb1 Rg1 0-1

[Event "Chigorin Memorial 26th"]
[Site "St Petersburg"]
[Date "2018.10.30"]
[Round "4"]
[White "Ageichenko, Genadi A"]
[Black "Savitskiy, Sergey"]
[Result "1/2-1/2"]
[WhiteElo "2225"]
[BlackElo "2413"]
[PlyCount "110"]
[EventDate "2018.10.27"]
[EventType "swiss"]
[EventRounds "9"]
[EventCountry "RUS"]
[SourceTitle "OM OTB B 201907"]
[Source "Opening Master"]
[SourceDate "2019.07.06"]
[SourceVersion "2"]
[SourceVersionDate "2019.07.06"]
[SourceQuality "1"]

1. e4 c5 2. Nf3 d6 3. d4 cxd4 4. Nxd4 Nf6 5. Nc3 Nc6 6. Be2 e5 7. Nf3 Be7 8.
Bg5 O-O 9. O-O Ne8 10. Bxe7 Qxe7 11. Nd5 Qd8 12. Qd2 f5 13. exf5 Bxf5 14. c3
Qd7 15. Rad1 Rd8 16. Qe3 Nf6 17. Ng5 Kh8 18. Bf3 Ne7 19. Nxf6 gxf6 20. Ne4 d5
21. Ng3 Be6 22. Rfe1 b6 23. Qh6 Ng6 24. Bxd5 Bxd5 25. c4 Nf4 26. cxd5 Qf7 27.
d6 Rg8 28. d7 Rg6 29. Qh4 Rxd7 30. Kh1 Nd3 31. Rxd3 Rxd3 32. h3 Rd4 33. Qh5 Rg7
34. Qf3 Rf4 35. Qe2 Rg8 36. Rc1 Qb7 37. Rc3 b5 38. Qc2 Rc4 39. Rxc4 bxc4 40.
Qxc4 Qxb2 41. Ne4 Qb7 42. Qe6 Qg7 43. g4 Rf8 44. Nd6 h5 45. Kh2 hxg4 46. hxg4
Qg6 47. Kg3 Kh7 48. Nf5 Qf7 49. Qc6 Qxa2 50. Qh1+ Kg8 51. Nh6+ Kg7 52. Nf5+ Kg8
53. Nh6+ Kg7 54. Nf5+ Kg8 55. Nh6+ Kg7 1/2-1/2

[Event "Wch U16"]
[Site "Porto Carras"]
[Date "2018.10.29"]
[Round "10.18"]
[White "Sahidi, Samir"]
[Black "Thilakarathne, GM Harshana"]
[Result "1/2-1/2"]
[WhiteElo "2315"]
[BlackElo "2268"]
[PlyCount "89"]
[EventDate "2018.10.20"]
[EventType "swiss"]
[EventRounds "11"]
[EventCountry "GRE"]
[SourceTitle "OM OTB B 201907"]
[Source "Opening Master"]
[SourceDate "2019.07.06"]
[SourceVersion "2"]
[SourceVersionDate "2019.07.06"]
[SourceQuality "1"]

1. e4 c5 2. Nf3 d6 3. d4 cxd4 4. Nxd4 Nf6 5. Nc3 Nc6 6. Be2 e5 7. Nb3 Be7 8.
Bg5 O-O 9. Bxf6 Bxf6 10. Nd5 Be6 11. O-O Bg5 12. Qd3 Rc8 13. c3 Ne7 14. Nxe7+
Qxe7 15. Rfd1 Rfd8 16. Bf3 g6 17. g3 h5 18. h4 Bh6 19. Nd2 Kg7 20. Nf1 Bc4 21.
Qc2 b5 22. a3 Qe6 23. Nd2 Bxd2 24. Qxd2 Bb3 25. Re1 d5 26. exd5 Bxd5 27. Bxd5
Rxd5 28. Qe3 Qd7 29. Re2 Kh7 30. Rae1 Re8 31. Qf3 a6 32. Kh2 Re6 33. Qe3 Kg7
34. Qe4 Kh7 35. Qb4 Kg7 36. b3 Qc7 37. c4 bxc4 38. bxc4 Rd4 39. Rc1 Rc6 40.
Rec2 Rc5 41. Qe1 Rdxc4 42. Rxc4 Rxc4 43. Rxc4 Qxc4 44. Qxe5+ Kh7 45. Qe3
1/2-1/2

[Event "Chigorin Memorial 2018"]
[Site "St Petersburg RUS"]
[Date "2018.10.28"]
[Round "2.97"]
[White "Smorodkin, Kirill"]
[Black "Vetokhin, Ilia"]
[Result "0-1"]
[WhiteElo "1819"]
[BlackElo "2082"]
[PlyCount "76"]
[EventDate "2018.10.27"]
[EventType "swiss"]
[EventRounds "9"]
[EventCountry "RUS"]
[SourceTitle "The Week in Chess 1252"]
[Source "Mark Crowther"]
[SourceDate "2018.11.05"]
[SourceVersion "1"]
[SourceVersionDate "2018.11.05"]
[SourceQuality "2"]

1. e4 c5 2. Nf3 Nc6 3. d4 cxd4 4. Nxd4 Nf6 5. Nc3 d6 6. Be2 e5 7. Nb3 Be7 8.
Be3 O-O 9. O-O a5 10. a4 Nb4 11. f4 Be6 12. f5 Bd7 13. Qd2 Bc6 14. Bf3 d5 15.
exd5 Nfxd5 16. Nxd5 Nxd5 17. Bxd5 Bxd5 18. Rfd1 Bc6 19. Qf2 Qc8 20. Bb6 Be4 21.
Rd2 Bxf5 22. Kh1 Be6 23. Rad1 Bb4 24. Rd3 Qc6 25. Bc5 Rfe8 26. Bxb4 axb4 27.
Nc5 Rac8 28. Nxe6 Qxe6 29. Rd6 Qc4 30. Rd7 e4 31. b3 Qe6 32. Rxb7 e3 33. Qe2
Rcd8 34. Rxb4 Rxd1+ 35. Qxd1 e2 36. Qe1 Qd6 37. Kg1 Qc5+ 38. Kh1 Qxb4 0-1

[Event "SLO-chT1 West"]
[Site "Slovenia"]
[Date "2018.10.27"]
[Round "8.5"]
[White "Marinsek, Tomaz"]
[Black "Vojinov, Danijel"]
[Result "1/2-1/2"]
[WhiteElo "2127"]
[BlackElo "1974"]
[PlyCount "168"]
[EventDate "2018.09.28"]
[EventType "team-tourn"]
[EventRounds "9"]
[EventCountry "SLO"]
[SourceTitle "OM OTB B 201907"]
[Source "Opening Master"]
[SourceDate "2019.07.06"]
[SourceVersion "2"]
[SourceVersionDate "2019.07.06"]
[SourceQuality "1"]
[WhiteTeam "Trebnje BMP"]
[BlackTeam "Kranj Stari Mayr"]
[WhiteTeamCountry "SLO"]
[BlackTeamCountry "SLO"]

1. e4 c5 2. Nf3 Nc6 3. d4 cxd4 4. Nxd4 d6 5. Nc3 Nf6 6. Be2 e5 7. Nb3 Be6 8.
O-O Be7 9. f4 exf4 10. Bxf4 O-O 11. Kh1 d5 12. e5 Nd7 13. Nxd5 Ndxe5 14. Nxe7+
Qxe7 15. Nd4 Rad8 16. Bxe5 Nxe5 17. c3 Nc4 18. Bxc4 Bxc4 19. Re1 Qg5 20. Qf3
Qd2 21. b3 Bd5 22. Qg3 f5 23. Re2 Qh6 24. Qe5 Qf6 25. Nxf5 Rf7 26. Qxf6 Rxf6
27. Re5 Bf7 28. Nd4 Bd5 29. Kg1 h6 30. Rae1 Rd7 31. Nf5 Kh7 32. Rd1 Bc6 33.
Rxd7 Bxd7 34. Nd4 Rf7 35. h3 Kg6 36. Re3 a6 37. Nf3 Kh7 38. Ne5 Re7 39. Kf2 Bf5
40. Nf3 Rf7 41. Ke2 Bb1 42. a3 Bc2 43. Nd4 Bb1 44. Rf3 Re7+ 45. Kd2 Rd7 46. Rf1
Be4 47. Rf2 Bd5 48. Ke3 Re7+ 49. Kd3 Be4+ 50. Kd2 Rd7 51. g3 Bd5 52. Ke3 Re7+
53. Kd3 Be4+ 54. Kd2 Rd7 55. Rf4 Bd5 56. Kc2 Bf7 57. h4 Bg6+ 58. Kd2 Bf7 59.
Ke3 Re7+ 60. Re4 Rc7 61. Kd2 Rd7 62. c4 Bg6 63. Rf4 Rc7 64. Ne6 Rd7+ 65. Kc1
Rd6 66. Nf8+ Kh8 67. c5 Rc6 68. Nd7 Bf7 69. b4 Re6 70. Kd2 Be8 71. Nb6 Bb5 72.
Rf3 Re2+ 73. Kc3 Bc6 74. Rd3 Re8 75. Nc4 Re4 76. Rd8+ Kh7 77. Rd4 Re1 78. g4
Bb5 79. Nd6 Re3+ 80. Kd2 Rxa3 81. Nxb5 axb5 82. Rd6 Rb3 83. Rd4 Rf3 84. h5 Rg3
1/2-1/2

[Event "Chigorin Memorial 2018"]
[Site "St Petersburg RUS"]
[Date "2018.10.27"]
[Round "1.47"]
[White "Kirchei, Viktoriia"]
[Black "Yeletsky, Ivan"]
[Result "0-1"]
[WhiteElo "2002"]
[BlackElo "2401"]
[PlyCount "50"]
[EventDate "2018.10.27"]
[EventType "swiss"]
[EventRounds "9"]
[EventCountry "RUS"]
[SourceTitle "The Week in Chess 1251"]
[Source "Mark Crowther"]
[SourceDate "2018.10.29"]
[SourceVersion "1"]
[SourceVersionDate "2018.10.29"]
[SourceQuality "2"]

1. e4 c5 2. Nf3 d6 3. d4 cxd4 4. Nxd4 Nf6 5. Nc3 Nc6 6. Be2 e5 7. Nb3 h6 8. Be3
Be7 9. f3 O-O 10. g4 a5 11. a3 a4 12. Nd2 d5 13. exd5 Nd4 14. Nde4 Nxd5 15.
Bxd4 exd4 16. Qxd4 Bh4+ 17. Kf1 Nf4 18. Qxd8 Rxd8 19. Bc4 Rd4 20. b3 axb3 21.
cxb3 Be6 22. Bxe6 fxe6 23. Nf2 Rd2 24. Nce4 Rb2 25. b4 Rxa3 0-1

[Event "1st Goa Open 2018"]
[Site "Taleigao IND"]
[Date "2018.10.20"]
[Round "10.22"]
[White "Minhazuddin, A."]
[Black "Nair, S."]
[Result "1-0"]
[WhiteElo "2328"]
[BlackElo "2081"]
[PlyCount "69"]
[EventDate "2018.10.13"]
[EventType "swiss"]
[EventRounds "10"]
[EventCountry "IND"]
[SourceTitle "The Week in Chess 1250"]
[Source "Mark Crowther"]
[SourceDate "2018.10.22"]
[SourceVersion "1"]
[SourceVersionDate "2018.10.22"]
[SourceQuality "2"]

1. e4 c5 2. Nf3 d6 3. d4 cxd4 4. Nxd4 Nf6 5. Nc3 Nc6 6. Be2 e5 7. Nb3 Be7 8.
O-O O-O 9. Kh1 a5 10. a4 Nb4 11. f4 Be6 12. f5 Bd7 13. Bg5 Bc6 14. Bxf6 Bxf6
15. Nd5 Nxd5 16. exd5 Bd7 17. Nd2 g6 18. Bg4 g5 19. Ne4 Qe7 20. c4 Rfc8 21. Rc1
b6 22. Rc3 h6 23. Be2 Kg7 24. Rh3 Rh8 25. Rh5 Rac8 26. b3 Rcd8 27. Rf3 Rdg8 28.
Qg1 Rb8 29. Qf2 Bc8 30. Rg3 Qd7 31. Bd3 Qe7 32. h4 Kf8 33. hxg5 hxg5 34. Rxh8+
Bxh8 35. f6 1-0

[Event "Goiania Goias op"]
[Site "Goiania"]
[Date "2018.10.20"]
[Round "4"]
[White "Santos, Luciano da Silva"]
[Black "Labussiere, Yago"]
[Result "0-1"]
[WhiteElo "1895"]
[BlackElo "1937"]
[PlyCount "34"]
[EventDate "2018.10.19"]
[EventType "swiss"]
[EventRounds "6"]
[EventCountry "BRA"]
[SourceTitle "OM OTB B 201907"]
[Source "Opening Master"]
[SourceDate "2019.07.06"]
[SourceVersion "2"]
[SourceVersionDate "2019.07.06"]
[SourceQuality "1"]

1. e4 c5 2. Nf3 Nc6 3. d4 cxd4 4. Nxd4 Nf6 5. Nc3 d6 6. Be2 e5 7. Nb3 Be7 8.
Be3 a5 9. a4 Be6 10. O-O O-O 11. f3 Nb4 12. Qd2 d5 13. exd5 Nfxd5 14. Nxd5 Nxd5
15. Bf2 Qc7 16. Bb5 Rfd8 17. Qc1 Nb4 0-1

[Event "RN-01474"]
[Site "LSS"]
[Date "2018.10.19"]
[Round "?"]
[White "Kuttner, Jaromir"]
[Black "Molina, Vicente Andres"]
[Result "1-0"]
[WhiteElo "803"]
[BlackElo "653"]
[PlyCount "25"]
[EventDate "2018.09.26"]
[SourceTitle "LSS to Dec2020"]
[Source "LSS ed TH"]
[SourceDate "2021.01.12"]
[SourceVersion "3"]
[SourceVersionDate "2021.01.12"]
[SourceQuality "1"]

1. e4 c5 2. Nf3 Nc6 3. d4 cxd4 4. Nxd4 d6 5. Nc3 Nf6 6. Be2 e5 7. Ndb5 Be7 8.
Bg5 O-O 9. Bxf6 Bxf6 10. Nxd6 Be6 11. Nxb7 Qxd1+ 12. Rxd1 Rab8 13. Nc5 1-0

[Event "EU-Cup 34th"]
[Site "Porto Carras"]
[Date "2018.10.17"]
[Round "6.1"]
[White "Virtanen, Antti"]
[Black "Valdes Escobar, Alvaro Daniel"]
[Result "1/2-1/2"]
[WhiteElo "2262"]
[BlackElo "2351"]
[PlyCount "103"]
[EventDate "2018.10.12"]
[EventType "team-swiss"]
[EventRounds "7"]
[EventCountry "GRE"]
[SourceTitle "OM OTB B 201907"]
[Source "Opening Master"]
[SourceDate "2019.07.06"]
[SourceVersion "2"]
[SourceVersionDate "2019.07.06"]
[SourceQuality "1"]
[WhiteTeam "Aatos"]
[BlackTeam "Wood Green"]
[WhiteTeamCountry "FIN"]
[BlackTeamCountry "ENG"]

1. e4 c5 2. Nf3 d6 3. d4 cxd4 4. Nxd4 Nf6 5. Nc3 Nc6 6. Be2 e5 7. Nf3 h6 8. O-O
Be7 9. Re1 Be6 10. Bf1 O-O 11. h3 a6 12. Nd5 Bxd5 13. exd5 Nb8 14. c4 Nbd7 15.
Nh4 Nxd5 16. Ng6 fxg6 17. Qxd5+ Kh8 18. Qxb7 a5 19. Qe4 Rf6 20. Be3 Rb8 21. b3
Nc5 22. Bxc5 dxc5 23. Rad1 Qf8 24. Rd2 Rd8 25. Rxd8 Bxd8 26. Re2 Bc7 27. Rd2
Rd6 28. Rxd6 Qxd6 29. Bd3 Bd8 30. Qxg6 Qxg6 31. Bxg6 Kg8 32. Kf1 Kf8 33. Ke2
Bg5 34. Kd3 Ke7 35. Ke4 Ke6 36. Bf5+ Kd6 37. Bh7 Bf6 38. Kf5 Ke7 39. Bg8 Kf8
40. Bd5 Ke7 41. Kg6 Kf8 42. f3 Ke7 43. g3 Kf8 44. h4 Ke7 45. Kh5 Kd6 46. Kg6
Ke7 47. Kf5 Kd6 48. Bg8 Ke7 49. g4 Bxh4 50. Kxe5 Kd7 51. Be6+ Kc6 52. Bf5
1/2-1/2

[Event "1st Gujarat Open 2018"]
[Site "Ahmedabad IND"]
[Date "2018.10.12"]
[Round "10.15"]
[White "Ziatdinov, R."]
[Black "Akash, G."]
[Result "0-1"]
[WhiteElo "2265"]
[BlackElo "2424"]
[PlyCount "70"]
[EventDate "2018.10.05"]
[EventType "swiss"]
[EventRounds "10"]
[EventCountry "IND"]
[SourceTitle "The Week in Chess 1249"]
[Source "Mark Crowther"]
[SourceDate "2018.10.15"]
[SourceVersion "1"]
[SourceVersionDate "2018.10.15"]
[SourceQuality "2"]

1. e4 c5 2. Nf3 d6 3. d4 cxd4 4. Nxd4 Nf6 5. Nc3 Nc6 6. Be2 e5 7. Nf3 h6 8. O-O
Be7 9. Qd3 O-O 10. Rd1 Be6 11. a3 a6 12. b3 Rc8 13. Bb2 Qc7 14. h3 Nb8 15. Nh4
Rfd8 16. Qf3 Nc6 17. Qd3 Nd4 18. Nf3 Nxe2+ 19. Qxe2 Nh5 20. g3 Nf6 21. g4 b5
22. Ne1 Qb7 23. f3 Rd7 24. Rd2 Bd8 25. Nd3 Ba5 26. Nb4 Bb6+ 27. Kg2 Bd4 28. Nd1
Bxb2 29. Nxb2 d5 30. exd5 Nxd5 31. Nxd5 Bxd5 32. Kf2 Rc3 33. Rd3 Qc7 34. Rxc3
Qxc3 35. Ra2 Bxb3 0-1

[Event "COL-chT"]
[Site "Ibague"]
[Date "2018.10.11"]
[Round "2.1"]
[White "Neira, Oscar Roberto"]
[Black "Matoma, Yimmy"]
[Result "1/2-1/2"]
[WhiteElo "1877"]
[BlackElo "2061"]
[PlyCount "105"]
[EventDate "2018.10.11"]
[EventType "team-swiss"]
[EventRounds "6"]
[EventCountry "COL"]
[SourceTitle "OM OTB B 201907"]
[Source "Opening Master"]
[SourceDate "2019.07.06"]
[SourceVersion "2"]
[SourceVersionDate "2019.07.06"]
[SourceQuality "1"]
[WhiteTeam "Tolima III"]
[BlackTeam "Tolima Masivo"]
[WhiteTeamCountry "COL"]
[BlackTeamCountry "COL"]

1. e4 c5 2. Nf3 Nc6 3. d4 cxd4 4. Nxd4 Nf6 5. Nc3 d6 6. Be2 e5 7. Nb3 Be6 8. g4
Be7 9. g5 Nd7 10. h4 Nb6 11. f4 f5 12. Bh5+ g6 13. exf5 Bxf5 14. Bf3 Qd7 15.
Nd5 Nxd5 16. Bxd5 O-O-O 17. Bd2 Kb8 18. Bc3 Rhe8 19. O-O Bf8 20. Bg2 d5 21.
Bxe5+ Nxe5 22. fxe5 Rxe5 23. c3 h6 24. Re1 Be4 25. Bxe4 dxe4 26. Qxd7 Rxd7 27.
Rf1 Rd8 28. gxh6 Bxh6 29. Rf6 Rh5 30. Rxg6 Rxh4 31. Kg2 Bf4 32. Rh1 Rxh1 33.
Kxh1 Rd1+ 34. Rg1 Rd5 35. Re1 Rh5+ 36. Kg1 e3 37. Re2 Kc7 38. Kg2 Kd6 39. Nc1
Ke5 40. Nd3+ Kf5 41. Kf3 Rh3+ 42. Kg2 Rg3+ 43. Kf1 Ke4 44. Ne1 b5 45. Rg2 a5
46. Ke2 Rxg2+ 47. Nxg2 a4 48. Ne1 Bd6 49. Nc2 Bc5 50. a3 Ba7 51. Nb4 Bb6 52.
Nc2 Bc5 53. Ne1 1/2-1/2